|
|
|
|
| LEADER |
00000nab a2200000 a 4500 |
| 001 |
vtls008855161 |
| 003 |
SK-MaSNL |
| 005 |
20260311224556.0 |
| 008 |
250505 1976 xo | 000 0 slo |
| 015 |
|
|
|a SNBRB1977
|
| 035 |
|
|
|a (sysno)vtls008855161
|
| 035 |
|
|
|a urn:nbn:sk:snk-ab706s
|
| 035 |
|
|
|a (uuid)852c48bb-3e14-474b-b2e3-50bf44316e97
|
| 035 |
|
|
|a (urnnbn)urn:nbn:sk:snk:ar-a06ehv
|
| 040 |
|
|
|a SNKBUCL
|b slo
|c SNKBUCL
|e AACR2
|
| 041 |
0 |
|
|a eng
|
| 044 |
|
|
|a xo
|c SK
|
| 100 |
1 |
|
|a Somogyi, J.
|4 aut
|9 1139270
|
| 245 |
1 |
0 |
|a Trends in Mortality Rate from Malignant Skin Melanoma and Other Malignant Neo Neoplasms in Czechoslovakia during the Period 1921-1970
|c J. Somogyi, E. Hostýnová, D. Šimkovič
|
| 300 |
|
|
|b Obr., tb.
|
| 504 |
|
|
|a Bibliogr. odkazy
|
| 648 |
|
7 |
|a 1921-1970
|2 snkbucl
|9 699693
|
| 650 |
0 |
7 |
|a kožné nádory
|2 snkbucl
|9 83916
|
| 650 |
0 |
7 |
|a malígne nádory
|2 snkbucl
|9 70958
|
| 651 |
|
7 |
|a Československo
|2 snkbucl
|9 21376
|
| 700 |
1 |
|
|a Hostýnová, E.
|4 aut
|9 855322
|
| 700 |
1 |
|
|a Šimkovič, D.
|4 aut
|9 925548
|
| 773 |
0 |
|
|t Neoplasma
|g Roč. 23, č. 6 (1976), s. 667-675
|
| 850 |
|
|
|a Slovenská národná knižnica
|
| 852 |
|
|
|a Slovenská národná knižnica
|
| 958 |
|
|
|a article27
|
| 958 |
|
|
|a NB
|
| 958 |
|
|
|a OND
|
| 958 |
|
|
|a EUIPO
|
| 999 |
|
|
|c 3260377
|d 3262307
|